| Tag |
First Indicator |
Second Indicator |
Subfields |
| LEADER |
00000cam a2200000 4500 |
| 001 |
in00000048106 |
| 005 |
20171111064636.0 |
| 008 |
791203s1935 enk 00000 eng d |
| 010 |
|
|
|a 35005586
|
| 035 |
|
|
|a (OCoLC)05753674
|
| 035 |
|
|
|9 AAE2201AM
|
| 040 |
|
|
|a CRU
|c CRU
|d TXA
|d UtOrBLW
|
| 049 |
|
|
|a TXAM
|c [62795]
|
| 050 |
|
0 |
|a Q171
|b .F9
|
| 092 |
|
|
|a 504
|b F945
|
| 245 |
0 |
4 |
|a The frustration of science /
|c [by] Sir Daniel Hall, J. G. Crowther, J. D. Bernal [and others] ... Foreword by Frederick Soddy.
|
| 264 |
|
1 |
|a London :
|b G. Allen & Unwin, Ltd.,
|c [1935]
|
| 300 |
|
|
|a 2 preliminary leaves, 7-144 pages ;
|c 19 cm.
|
| 336 |
|
|
|a text
|b txt
|2 rdacontent
|
| 337 |
|
|
|a unmediated
|b n
|2 rdamedia
|
| 338 |
|
|
|a volume
|b nc
|2 rdacarrier
|
| 650 |
|
0 |
|a Science.
|
| 700 |
1 |
|
|a Hall, A. Daniel,
|q (Alfred Daniel),
|c Sir,
|d 1864-1942.
|
| 700 |
1 |
|
|a Crowther, J. G.
|q (James Gerald),
|d 1899-1983.
|
| 700 |
1 |
|
|a Bernal, John Desmond.
|
| 700 |
1 |
|
|a Mottram, V. H.
|q (Vernon Henry),
|d 1882-1976.
|
| 700 |
1 |
|
|a Charles, Enid.
|
| 700 |
1 |
|
|a Gorer, P. A.
|
| 700 |
1 |
|
|a Blackett, Patrick Maynard Stuart,
|d 1897-
|
| 999 |
|
|
|a MARS
|
| 999 |
f |
f |
|s b7c327ac-4328-36d0-98de-877436af9244
|i 4cccab04-1976-3d29-8e8d-65eb2a97adcd
|t 0
|
| 952 |
f |
f |
|p ric
|a Texas A&M University
|b Rellis Campus
|c Joint Library Facility
|d Remote Storage
|t 0
|e Q171 .F9
|h Library of Congress classification
|i unmediated -- volume
|m A14800892624
|
| 998 |
f |
f |
|a Q171 .F9
|t 0
|l Remote Storage
|